<?xml version="1.0" encoding="UTF-8"?>
<record
    xmlns:xsi="http://www.w3.org/2001/XMLSchema-instance"
    xsi:schemaLocation="http://www.loc.gov/MARC21/slim http://www.loc.gov/standards/marcxml/schema/MARC21slim.xsd"
    xmlns="http://www.loc.gov/MARC21/slim">

  <leader>01592nam a22001937a 4500</leader>
  <controlfield tag="001">113345</controlfield>
  <controlfield tag="003">DR-UNIBE</controlfield>
  <controlfield tag="005">20250318112858.0</controlfield>
  <controlfield tag="008">250318b2009    dr ||||| |||| 00| 0 spa d</controlfield>
  <datafield tag="040" ind1=" " ind2=" ">
    <subfield code="a">BIBLIOTECA UNIBE</subfield>
    <subfield code="c">BIBLIOTECA UNIBE</subfield>
    <subfield code="e">rda</subfield>
  </datafield>
  <datafield tag="041" ind1=" " ind2=" ">
    <subfield code="a">spa</subfield>
  </datafield>
  <datafield tag="082" ind1=" " ind2=" ">
    <subfield code="a">RD 384.3 M722g</subfield>
  </datafield>
  <datafield tag="100" ind1="1" ind2=" ">
    <subfield code="a">Molina, Luis E.</subfield>
    <subfield code="9">12616</subfield>
    <subfield code="e">autor</subfield>
  </datafield>
  <datafield tag="245" ind1="1" ind2="0">
    <subfield code="a">Gesti&#xF3;n cultural : </subfield>
    <subfield code="b">comunicaciones, publicidad, conservaci&#xF3;n, la web 2.0, y las redes sociales para un nuevo enfoque de la acci&#xF3;n cultural /</subfield>
    <subfield code="c">Luis E. Molina</subfield>
  </datafield>
  <datafield tag="260" ind1=" " ind2=" ">
    <subfield code="a">Santo Domingo :</subfield>
    <subfield code="b">Secretar&#xED;a de Estado de Cultura,</subfield>
    <subfield code="c">2009</subfield>
  </datafield>
  <datafield tag="300" ind1=" " ind2=" ">
    <subfield code="a">121 p&#xE1;ginas :</subfield>
    <subfield code="b"> ilustraciones, gr&#xE1;ficas, tablas</subfield>
  </datafield>
  <datafield tag="505" ind1=" " ind2=" ">
    <subfield code="a">  A manera de introducci&#xF3;n p&#xE1;gina |
  La situaci&#xF3;n actual |
  Las tics y su importancia en la gesti&#xF3;n cultural |
  La concepci&#xF3;n moderna en contraposici&#xF3;n de la cl&#xE1;sica |
  La promoci&#xF3;n en los medios de comunicaci&#xF3;n |
  La comunicaci&#xF3;n integrada al servicio de la gesti&#xF3;n cultural |
  La conservaci&#xF3;n cultural |
  Soportes modernos y futuros |
  Los discos compactos, dvds, y otros soportes |
  Valgo sobre el mp3 |
  La difusi&#xF3;n cultural |
  Las bases de datos como elemento primordial |
  El uso de los medios de comunicaci&#xF3;n como base |
  Otros elementos y medios de promoci&#xF3;n |
  La generaci&#xF3;n de recursos |
  El patrocinio |
  El mecenazgo |
  La autogeneraci&#xF3;n de recursos |
  A manera de conclusi&#xF3;n: Un nuevo sistema de gesti&#xF3;n cultural |
  Bibliograf&#xED;a |
  Web graf&#xED;a |
  Anexo 1. Algunas experiencias |
  Anexo 2. Glosario de t&#xE9;rminos de internet |
</subfield>
  </datafield>
  <datafield tag="942" ind1=" " ind2=" ">
    <subfield code="2">ddc</subfield>
    <subfield code="c">BK</subfield>
  </datafield>
  <datafield tag="999" ind1=" " ind2=" ">
    <subfield code="c">113345</subfield>
    <subfield code="d">113345</subfield>
  </datafield>
  <datafield tag="952" ind1=" " ind2=" ">
    <subfield code="0">0</subfield>
    <subfield code="1">0</subfield>
    <subfield code="2">ddc</subfield>
    <subfield code="7">0</subfield>
    <subfield code="8">GEN-RD</subfield>
    <subfield code="a">Principal</subfield>
    <subfield code="d">2025-03-18</subfield>
    <subfield code="l">0</subfield>
    <subfield code="o">RD 384.3 M722g</subfield>
    <subfield code="p">250170</subfield>
    <subfield code="r">2025-03-18 11:30:08</subfield>
    <subfield code="t">Ej. 1</subfield>
    <subfield code="w">2025-03-18</subfield>
    <subfield code="y">BK</subfield>
  </datafield>
</record>
